Music Quiz

Random Music or Album Quiz
Score 0/20 Timer 03:00
0 Plays Today
% Correct
Oasis
100%
Alanis Morissette
97.1%
The Smashing Pumpkins
95.7%
Radiohead
92.9%
No Doubt
91.4%
Pulp
68.6%
Bjork
67.1%
2Pac
65.7%
PJ Harvey
60%
Blur
60%
% Correct
Leftfield
60%
Tricky
57.1%
Raekwon
51.4%
GZA
48.6%
The Flaming Lips
47.1%
Pavement
44.3%
Mobb Deep
44.3%
Rancid
42.9%
Death
38.6%
Guided By Voices
35.7%
Remove Ads.
Support Sporcle.
Get the best of Sporcle when you Go Orange. This ad-free experience offers more features, more stats, and more fun while also helping to support Sporcle. Thank you for becoming a member.

You're not logged in!

Compare scores with friends on all Sporcle quizzes.
OR
Log In

Show Comments

Extras

Top Quizzes Today


Score Distribution

Your Account Isn't Verified!

In order to create a playlist on Sporcle, you need to verify the email address you used during registration. Go to your Sporcle Settings to finish the process.

Report this User

Report this user for behavior that violates our Community Guidelines.

Details: